000 00613cam a22002173a 4500
001 39669
003 PGUSA
005 20140828083900.0
008 120511s2012||||xxu|||||s|||||000 | eng d
040 _aPGUSA
_beng
042 _adc
100 1 _aRanke, Leopold von,
_d1795-1886
245 1 0 _aDie großen Mächte
_h[electronic resource] /
_cLeopold von Ranke
260 _bProject Gutenberg,
_c2012
506 _aPublic domain in the USA.
516 _aElectronic text
700 1 _aMeinecke, Friedrich
830 0 _aProject Gutenberg
_v39669
856 4 0 _uhttp://www.gutenberg.org/ebooks/39669
942 _cEB
999 _c268922
_d268922